Phương pháp và quan điểm tiếp cận đề tài của nhóm đề tài: Tư tưởng lí luận văn nghệ trung cận đại ở Việt Nam /
保存先:
| 第一著者: | |
|---|---|
| フォーマット: | 論文 |
| 言語: | Vietnamese |
| 主題: | |
| タグ: |
タグ追加
タグなし, このレコードへの初めてのタグを付けませんか!
|
| Thư viện lưu trữ: | Thư viện Trường Đại học Đà Lạt |
|---|
| LEADER | 00943nam a2200289 4500 | ||
|---|---|---|---|
| 001 | DLU180183384 | ||
| 005 | ##20180122 | ||
| 040 | # | # | |a DLU |b vie |
| 041 | # | # | |a vie |
| 044 | # | # | |a vn |
| 100 | # | # | |a Kiều Thu Hoạch. |
| 245 | # | # | |a Phương pháp và quan điểm tiếp cận đề tài của nhóm đề tài: Tư tưởng lí luận văn nghệ trung cận đại ở Việt Nam / |c Kiều Thu Hoạch. |
| 653 | # | # | |a Đề tài |
| 653 | # | # | |a Nghệ thuật |
| 653 | # | # | |a Thế kỷ X |
| 653 | # | # | |a Thế kỷ XIX |
| 653 | # | # | |a Văn học |
| 653 | # | # | |a Văn học trung đại |
| 773 | # | # | |t Tạp chí Lý luận, phê bình văn học, nghệ thuật |g Số 23, 2014, tr. 37-39 |
| 920 | # | # | |a Phòng Tạp chí --Trung tâm Thông tin - Thư viện Trường Đại học Đà Lạt |
| 900 | # | # | |a True |
| 911 | # | # | |a Lê Thị Hồng |
| 925 | # | # | |a G |
| 926 | # | # | |a A |
| 927 | # | # | |a BB |
| 980 | # | # | |a Thư viện Trường Đại học Đà Lạt |